Départements du Pays de la Loire - Statistiques

Statistiques générales
  • Ce quiz a été pris 373 fois
  • Le résultat moyen est 4 sur 5
Statistiques - réponses
Numéro Département % Correct
44 Loire-Atlantique
95%
85 Vendée
91%
72 Sarthe
84%
53 Mayenne
82%
49 Maine-et-Loire
80%
Aucun quiz correspondant
Distribution des résultats
% des personnes avec chaque résultat
Percentile par nombre de réponses
Votre historique - résultats
Vous n’avez pas pris ce quiz